000
00277nam a22001217a 4500
008
170921b xxu||||| |||| 00| 0 eng d
041
_a
eng
080
_a
78
100
_a
45
101
_a
muz
245
_a
FROM SEA TO SHINING SEA AND SONG
_c
COHN.A.L
942
_2
udc
_c
BK
999
_c
28681
_d
28681